000 00677nam a2200277Ia 4500
005 20260324144336.0
008 008 260324s9999 xx 000 0 eng d
020 _a9780203077733
037 _aEBOOK
040 _aCRL
040 _beng
040 _cCRL
041 _2eng
041 _aeng
084 _qCRL
100 _aFabrizio Onida; Gianfranco Viesti
_91218972
245 4 _aThe Italian Multinationals (RLE International Business)
260 _bTaylor and Francis
260 _c1988
365 _a
365 _b180
856 _uhttp://www.taylorfrancis.com/books/9780203077733
942 _cEBOOK
999 _c1825469
_d1825469